000
00221nam a2200097Ia 4500
008
170619s9999 xx 000 0 und d
100
_a
THANGRIS
245
0
_a
COMPUTER ORIENTED NUMERICAL METHODS
260
_b
PHI
260
_c
2009
546
_a
ENGLISH
999
_c
19445
_d
19445